<?xml version="1.0" encoding="UTF-8"?>
<record
    xmlns:xsi="http://www.w3.org/2001/XMLSchema-instance"
    xsi:schemaLocation="http://www.loc.gov/MARC21/slim http://www.loc.gov/standards/marcxml/schema/MARC21slim.xsd"
    xmlns="http://www.loc.gov/MARC21/slim">

  <leader>01175nam a2200277 a 4500</leader>
  <controlfield tag="001">78171</controlfield>
  <controlfield tag="003">BD-RjUL</controlfield>
  <controlfield tag="005">20211209083109.0</controlfield>
  <controlfield tag="008">210405s1934    ua       i    000 0 ara d</controlfield>
  <datafield tag="035" ind1=" " ind2=" ">
    <subfield code="a">(BD-RjUL)78397</subfield>
  </datafield>
  <datafield tag="040" ind1=" " ind2=" ">
    <subfield code="a">TEU</subfield>
    <subfield code="c">TEU</subfield>
    <subfield code="d">UkOxU</subfield>
    <subfield code="b">eng</subfield>
  </datafield>
  <datafield tag="041" ind1="1" ind2=" ">
    <subfield code="a">ara</subfield>
    <subfield code="h">eng</subfield>
  </datafield>
  <datafield tag="082" ind1=" " ind2=" ">
    <subfield code="2">23</subfield>
    <subfield code="a">016.297125</subfield>
    <subfield code="b">WEM 1934</subfield>
  </datafield>
  <datafield tag="100" ind1="1" ind2=" ">
    <subfield code="a">Wensinck, A. J.</subfield>
    <subfield code="q">(Arent Jan),</subfield>
    <subfield code="d">1882-1939.</subfield>
    <subfield code="9">98895</subfield>
  </datafield>
  <datafield tag="245" ind1="1" ind2="0">
    <subfield code="a">&#x645;&#x641;&#x62A;&#x627;&#x62D; &#x643;&#x646;&#x648;&#x632; &#x627;&#x644;&#x633;&#x646;&#x629; ;; Mift&#x101;&#x1E25; kun&#x16B;z al-sunnah /</subfield>
    <subfield code="c">&#x645;&#x62D;&#x645;&#x62F; &#x641;&#x624;&#x627;&#x62F; &#x639;&#x628;&#x62F; &#x627;&#x644;&#x628;&#x627;&#x642;&#x64A; ; &#x648;&#x636;&#x639;&#x647; &#x628;&#x627;&#x644;&#x644;&#x63A;&#x629; &#x627;&#x644;&#x625;&#x646;&#x643;&#x644;&#x64A;&#x632;&#x64A;&#x629;&#x60C; &#x623;.&#x64A;. &#x641;&#x646;&#x633;&#x646;&#x643;.;; Mu&#x1E25;ammad Fu&#x2BC;&#x101;d &#x2BF;Abd al-B&#x101;q&#x12B;.</subfield>
  </datafield>
  <datafield tag="250" ind1=" " ind2=" ">
    <subfield code="a">al-&#x1E6C;ab&#x2BF;ah 1.</subfield>
  </datafield>
  <datafield tag="260" ind1=" " ind2=" ">
    <subfield code="a">al-Q&#x101;hirah :</subfield>
    <subfield code="b">D&#x101;r al-&#x1E24;ad&#x12B;th,</subfield>
    <subfield code="c">1934</subfield>
  </datafield>
  <datafield tag="260" ind1=" " ind2=" ">
    <subfield code="a">&#x627;&#x644;&#x642;&#x627;&#x647;&#x631;&#x629; :</subfield>
    <subfield code="b">&#x62F;&#x627;&#x631; &#x627;&#x644;&#x62D;&#x62F;&#x64A;&#x62B;&#x60C;</subfield>
    <subfield code="c">1934</subfield>
  </datafield>
  <datafield tag="300" ind1=" " ind2=" ">
    <subfield code="a">544 p. ;</subfield>
    <subfield code="c">25 cm.</subfield>
  </datafield>
  <datafield tag="500" ind1=" " ind2=" ">
    <subfield code="a">"Wa&#x1E0D;a&#x2BF;ahu bi-al-lughah al-Inkil&#x12B;z&#x12B;yah, A.Y. Finsink"--Added t.-p.</subfield>
  </datafield>
  <datafield tag="500" ind1=" " ind2=" ">
    <subfield code="a">Translation of: A handbook of early Muhammadan tradition.</subfield>
  </datafield>
  <datafield tag="650" ind1=" " ind2="0">
    <subfield code="a">Hadith</subfield>
    <subfield code="v">Indexes.</subfield>
    <subfield code="9">246786</subfield>
  </datafield>
  <datafield tag="700" ind1="1" ind2=" ">
    <subfield code="a">&#x2BF;&#x639;&#x628;&#x62F; &#x627;&#x644;&#x628;&#x627;&#x642;&#x64A;&#x60C; &#x645;&#x62D;&#x645;&#x62F; &#x641;&#x624;&#x627;&#x62F; ;; .Abd al-B&#x101;q&#x12B;, Mu&#x1E25;ammad Fu&#x2BC;&#x101;d.</subfield>
    <subfield code="9">246787</subfield>
  </datafield>
  <datafield tag="942" ind1=" " ind2=" ">
    <subfield code="2">ddc</subfield>
    <subfield code="c">REF</subfield>
  </datafield>
  <datafield tag="999" ind1=" " ind2=" ">
    <subfield code="c">78171</subfield>
    <subfield code="d">78171</subfield>
  </datafield>
  <datafield tag="952" ind1=" " ind2=" ">
    <subfield code="0">0</subfield>
    <subfield code="1">0</subfield>
    <subfield code="2">ddc</subfield>
    <subfield code="4">0</subfield>
    <subfield code="7">1</subfield>
    <subfield code="8">REF</subfield>
    <subfield code="a">RUCL</subfield>
    <subfield code="b">RUCL</subfield>
    <subfield code="c">Reference</subfield>
    <subfield code="d">2021-04-06</subfield>
    <subfield code="l">0</subfield>
    <subfield code="o">AR 016.297125 WEM 1934</subfield>
    <subfield code="r">2021-04-06 00:00:00</subfield>
    <subfield code="t">C-1</subfield>
    <subfield code="w">2021-12-09</subfield>
    <subfield code="y">REF</subfield>
  </datafield>
</record>
